000 00291nam a2200121Ia 4500
008 231129s1969||||xx |||||||||||||| ||spa||
082 _aHAJ- 0259
100 _aRuiz Garcí­a Enrique
245 0 _aEl tercer mundo
260 _c1969
264 _aEspaña: Alianza 1969
942 _2ddc
_cBKS
999 _c12530
_d12530